Normal view
MARC view
- Nik Hasnaa Nik Mahmood
Entry Personal Name
001 - CONTROL NUMBER
- control field: 3009
003 - CONTROL NUMBER IDENTIFIER
- control field: OSt
005 - DATE AND TIME OF LATEST TRANSACTION
- control field: 20170509163723.0
008 - FIXED-LENGTH DATA ELEMENTS
- fixed length control field: 170509|| aca||aabn | a|a d
040 ## - CATALOGING SOURCE
- Original cataloging agency: OSt
- Transcribing agency: OSt
100 ## - HEADING--PERSONAL NAME
- Personal name: Nik Hasnaa Nik Mahmood
670 ## - SOURCE DATA FOUND
- Source citation: Work cat.: (OSt)0: Purcell, Victor, 1896-1965 3007, Orang-orang Cina di Tanah Melayu /, 1997

PORTAL AKMAL
E-MEL JKDM
AKMAL2U
G-BAM
u-PUSTAKA